000 00747nam a2200205 a 4500
005 20240920063934.0
008 060404s2005 mx r 000 0 spa d
020 _a968167541X
035 _aUPN01000143752
049 _aCG
050 4 _aLC5215
_bO7.3
110 2 _aOrganización para la Cooperación y el Desarrollo Económicos
245 1 0 _aEducación para adultos :
_bmás allá de la retórica /
_cOrganización para la Cooperación y el Desarrollo Económicos.
260 _aMéxico :
_bFCE :
_bOCDE,
_c2005.
300 _a442 p.
440 0 _aSección de obras de educación y pedagogía
534 _pTítulo original:
_tBeyond rhetoric : adult learning polices and practices
650 4 _aEducación de adultos
_9956
905 _aLibro
999 _c115899
_d115899